000 00940nac a2200289 a 4500
003 CO-PeBPM
005 20260326091035.0
007 ta
008 260326s2006 ck a|||| |||| 00| 0 spa d
020 _a8448146492
040 _aCO-PeBPM
_bspa
_cCO-PeBPM
_erda
041 _aspa
082 0 4 _a658.4012 G241d
_222
100 1 _aGarrido Buj, Santiago
_eautor
245 1 0 _aDirección estratégica
_c/ Santiago Garrido Buj
250 _aSegunda edición
264 _aMadrid, España
_b: McGraw-Hill
_c, 2006
300 _aix, 373 páginas
_bilustraciones, figuras y cuadros en blanco y negro
_c24 centimetros
336 _2rdacontent
_atexto
_btxt
337 _2rdamedia
_asin mediación
_bn
338 _2rdacarrier
_avolumen
_bnc
500 _aIncluye índice y anexos
650 1 7 _aAdministración de empresas
_2LEMB
650 1 7 _aPlanificación estratégica
_2LEMB
650 1 7 _aPlanificación empresarial
_2LEMB
942 _2ddc
_n0
_cBK
999 _c107256
_d107256